[Event "EU-chT U18 "]
[Site "Pardubice"]
[Date "2019.07.16"]
[Round "6.4"]
[White "Yavuz, Sevki Batuhan"]
[Black "Mica, Marek"]
[Result "0-1"]
[WhiteElo "1647"]
[BlackElo "2222"]
[PlyCount "102"]
[EventDate "2019.07.11"]
[EventType "team-swiss"]
[EventRounds "7"]
[EventCountry "CZE"]
[SourceTitle "CBM 191 Extra"]
[Source "ChessBase"]
[SourceDate "2019.09.30"]
[SourceVersion "1"]
[SourceVersionDate "2019.09.30"]
[SourceQuality "1"]
[WhiteTeam "Turkey U18"]
[BlackTeam "Czech Republic U18"]
[WhiteTeamCountry "TUR"]
[BlackTeamCountry "CZE"]

1. d4 Nf6 2. c4 e6 3. Nc3 Bb4 4. Qc2 0-0 5. e4 d6 6. Nf3 Nc6 7. a3 Bxc3+ 8. bxc3 e5 9. d5 Nb8 10. h3 b6 11. Be3 Ba6 12. Bd3 Nbd7 13. Qa4 Bb7 14. 0-0 Qe7 15. Qc2 Nc5 16. Bxc5 dxc5 17. Qe2 Ne8 18. Nd2 Nd6 19. Rae1 Rae8 20. f4 f6 21. g3 Qd7 22. Qg4 Qa4 23. Qd1 Qd7 24. Kh2 Bc8 25. f5 g5 26. h4 gxh4 27. gxh4 Kh8 28. Rg1 Rg8 29. Qh5 Rxg1 30. Rxg1 Rg8 31. Qh6 Rxg1 32. Kxg1 Qe7 33. Nf1 Nf7 34. Qh5 Qf8 35. Kf2 Bd7 36. Ne3 Be8 37. Qf3 Nd6 38. Kg3 Qg7+ 39. Qg4 Qh6 40. Qf3 Bh5 41. Qf2 Qf8 42. Kh3 Qe8 43. Qc2 Qd7 44. Kg3 Qg7+ 45. Kh2 Bf3 46. Qa4 Qh6 47. Nf1 Qxh4+ 48. Kg1 Qg4+ 49. Kf2 Bxe4 50. Bxe4 Nxe4+ 51. Ke1 Qh4+ 0-1